<?xml version="1.0" encoding="UTF-8"?>
<record
    xmlns:xsi="http://www.w3.org/2001/XMLSchema-instance"
    xsi:schemaLocation="http://www.loc.gov/MARC21/slim http://www.loc.gov/standards/marcxml/schema/MARC21slim.xsd"
    xmlns="http://www.loc.gov/MARC21/slim">

  <leader>03399njm a2200541Ia 4500</leader>
  <controlfield tag="001">C6550</controlfield>
  <controlfield tag="003">IT-RoPAU</controlfield>
  <controlfield tag="005">20220918181115.0</controlfield>
  <controlfield tag="008">131025s9999    xx            000 0 und d</controlfield>
  <datafield tag="040" ind1=" " ind2=" ">
    <subfield code="a">IT-RoPAU</subfield>
  </datafield>
  <datafield tag="040" ind1=" " ind2=" ">
    <subfield code="c">IT-RoPAU</subfield>
  </datafield>
  <datafield tag="999" ind1=" " ind2=" ">
    <subfield code="c">99340</subfield>
    <subfield code="d">99340</subfield>
  </datafield>
  <datafield tag="999" ind1=" " ind2=" ">
    <subfield code="b">n.d.</subfield>
  </datafield>
  <datafield tag="100" ind1=" " ind2=" ">
    <subfield code="a">AA.VV.</subfield>
    <subfield code="9">794</subfield>
  </datafield>
  <datafield tag="100" ind1=" " ind2=" ">
    <subfield code="e">Autore musica</subfield>
    <subfield code="9">30217</subfield>
  </datafield>
  <datafield tag="100" ind1=" " ind2=" ">
    <subfield code="g">Codice autore musica SPICS: 12000</subfield>
    <subfield code="9">796</subfield>
  </datafield>
  <datafield tag="245" ind1=" " ind2=" ">
    <subfield code="a">Piano Today</subfield>
  </datafield>
  <datafield tag="250" ind1=" " ind2=" ">
    <subfield code="a">2a ed.</subfield>
  </datafield>
  <datafield tag="260" ind1=" " ind2=" ">
    <subfield code="a">MILANO</subfield>
  </datafield>
  <datafield tag="260" ind1=" " ind2=" ">
    <subfield code="b">RUSCONI</subfield>
    <subfield code="c">1994 [1a Ed.:0]</subfield>
  </datafield>
  <datafield tag="300" ind1=" " ind2=" ">
    <subfield code="a">COMPACT DISC</subfield>
  </datafield>
  <datafield tag="300" ind1=" " ind2=" ">
    <subfield code="c">72 minuti (Testo: 0 pag.)</subfield>
  </datafield>
  <datafield tag="500" ind1=" " ind2=" ">
    <subfield code="a">Musica jazz. Cd fuori commercio allegato al n. 11 1994 della rivista "Musica jazz"</subfield>
  </datafield>
  <datafield tag="505" ind1=" " ind2=" ">
    <subfield code="a">Trinkle Tinkle [(Perugia, 14 luglio 1986) (Sphere) (12:00)] - Theme For Red [(Bologna, 28 marzo 1985) (Walton Cedar) (6:00)] - Dark Days [(New York, 13 novembre 1986) (Watson Bobby) (7:00)] - Song For Leslie (Bologna, 1 marzo 1980) (Mathews Ronnie) (6:00)] - Locomotif n. 1 [(Milano, 7 giugno 1978) (Davis Anthony) (4:00)] - State of Affairs [(New York, 12 gennaio 1991) (Snidero Jim) (8:00)] - Focus [(Bologna, 6 dicembre 1977) (Williams James) (5:00)] - Black Nile [(New York, 19 maggio 1988) (Hersch Fred) (6:00)] - Late Night Blue [(Milano, maggio 1989) (Bley Paul) (3:00)] - On the Brink [(Boston, 15 ottobre 1989) (Bergonzi Jerry) (11:00)] - Tears Inside [(New York, 25 maggio 1994) (Melillo Mike) (7:00)]</subfield>
  </datafield>
  <datafield tag="511" ind1=" " ind2=" ">
    <subfield code="a">Rouse Charlie: ten; Barron Kenny: p; Williams Buster: cb; Riley Ben: batt</subfield>
  </datafield>
  <datafield tag="511" ind1=" " ind2=" ">
    <subfield code="a">Walton Cedar: p; Williams David: cb; Higgins Billy: batt</subfield>
  </datafield>
  <datafield tag="511" ind1=" " ind2=" ">
    <subfield code="a">Watson Bobby: alto; Hicks John: p; Lundy Curtis: cb; Smith Marvin: batt; Bobby Watson Quartet</subfield>
  </datafield>
  <datafield tag="511" ind1=" " ind2=" ">
    <subfield code="a">Mathews Ronnie: p; Drummond Ray: cb; Washington Kenny: batt</subfield>
  </datafield>
  <datafield tag="511" ind1=" " ind2=" ">
    <subfield code="a">Davis Anthony: p</subfield>
  </datafield>
  <datafield tag="511" ind1=" " ind2=" ">
    <subfield code="a">Snidero Jim: alto; Green Benny: p; Washington Peter: cb; Reedus Tony: batt; Jim Snidero Quartet</subfield>
  </datafield>
  <datafield tag="511" ind1=" " ind2=" ">
    <subfield code="a">Williams James: p; Irwin Dennis: cb</subfield>
  </datafield>
  <datafield tag="511" ind1=" " ind2=" ">
    <subfield code="a">Hersch Fred: p; La Spina Steve: cb; Hirshfield Jeff: batt</subfield>
  </datafield>
  <datafield tag="511" ind1=" " ind2=" ">
    <subfield code="a">Bley Paul: p</subfield>
  </datafield>
  <datafield tag="511" ind1=" " ind2=" ">
    <subfield code="a">Bergonzi Jerry: ten; Miller Mulgrew: p; Santoro Dave: cb; Nussbaum Adam: batt</subfield>
  </datafield>
  <datafield tag="511" ind1=" " ind2=" ">
    <subfield code="a">Melillo Mike: p; Moore Michael: cb; Riley Ben: batt</subfield>
  </datafield>
  <datafield tag="650" ind1=" " ind2=" ">
    <subfield code="a">JAZZ [COMPACT DISC]</subfield>
    <subfield code="e">Codice MATERIA SPICS: 9949</subfield>
    <subfield code="9">11822</subfield>
  </datafield>
  <datafield tag="700" ind1=" " ind2=" ">
    <subfield code="a">Monk Thelonious</subfield>
    <subfield code="d">Codice autore musica SPICS: 10795</subfield>
    <subfield code="e">Autore musica</subfield>
    <subfield code="p">Trinkle Tinkle</subfield>
    <subfield code="9">30218</subfield>
  </datafield>
  <datafield tag="700" ind1=" " ind2=" ">
    <subfield code="a">Walton Cedar</subfield>
    <subfield code="d">Codice autore musica SPICS: 16234</subfield>
    <subfield code="e">Autore musica</subfield>
    <subfield code="p">Theme For Red</subfield>
    <subfield code="9">30219</subfield>
  </datafield>
  <datafield tag="700" ind1=" " ind2=" ">
    <subfield code="a">Watson Bobby</subfield>
    <subfield code="d">Codice autore musica SPICS: 10781</subfield>
    <subfield code="e">Autore musica</subfield>
    <subfield code="p">Dark Days</subfield>
    <subfield code="9">30220</subfield>
  </datafield>
  <datafield tag="700" ind1=" " ind2=" ">
    <subfield code="a">Mathews Ronnie</subfield>
    <subfield code="d">Codice autore musica SPICS: 16242</subfield>
    <subfield code="e">Autore musica</subfield>
    <subfield code="p">Song For Leslie</subfield>
    <subfield code="9">30221</subfield>
  </datafield>
  <datafield tag="700" ind1=" " ind2=" ">
    <subfield code="a">Davis Anthony</subfield>
    <subfield code="d">Codice autore musica SPICS: 42325</subfield>
    <subfield code="e">Autore musica</subfield>
    <subfield code="p">Locomotif n. 1</subfield>
    <subfield code="9">30222</subfield>
  </datafield>
  <datafield tag="700" ind1=" " ind2=" ">
    <subfield code="a">Snidero Jim</subfield>
    <subfield code="d">Codice autore musica SPICS: 42326</subfield>
    <subfield code="e">Autore musica</subfield>
    <subfield code="p">State of Affairs</subfield>
    <subfield code="9">30223</subfield>
  </datafield>
  <datafield tag="700" ind1=" " ind2=" ">
    <subfield code="a">Williams James</subfield>
    <subfield code="d">Codice autore musica SPICS: 16231</subfield>
    <subfield code="e">Autore musica</subfield>
    <subfield code="p">Focus</subfield>
    <subfield code="9">30224</subfield>
  </datafield>
  <datafield tag="700" ind1=" " ind2=" ">
    <subfield code="a">Shorter Wayne</subfield>
    <subfield code="d">Codice autore musica SPICS: 16479</subfield>
    <subfield code="e">Autore musica</subfield>
    <subfield code="p">Black Nile</subfield>
    <subfield code="9">30225</subfield>
  </datafield>
  <datafield tag="700" ind1=" " ind2=" ">
    <subfield code="a">Bley Paul</subfield>
    <subfield code="d">Codice autore musica SPICS: 16208</subfield>
    <subfield code="e">Autore musica</subfield>
    <subfield code="p">Late Night Blue</subfield>
    <subfield code="9">30226</subfield>
  </datafield>
  <datafield tag="700" ind1=" " ind2=" ">
    <subfield code="a">Bergonzi Jerry</subfield>
    <subfield code="d">Codice autore musica SPICS: 42328</subfield>
    <subfield code="e">Autore musica</subfield>
    <subfield code="p">On the Brink</subfield>
    <subfield code="9">30227</subfield>
  </datafield>
  <datafield tag="700" ind1=" " ind2=" ">
    <subfield code="a">Coleman Ornette</subfield>
    <subfield code="d">Codice autore musica SPICS: 10832</subfield>
    <subfield code="e">Autore musica</subfield>
    <subfield code="p">Tears Inside</subfield>
    <subfield code="9">30228</subfield>
  </datafield>
  <datafield tag="942" ind1=" " ind2=" ">
    <subfield code="c">CD</subfield>
    <subfield code="2">ddc</subfield>
  </datafield>
  <datafield tag="952" ind1=" " ind2=" ">
    <subfield code="0">0</subfield>
    <subfield code="1">0</subfield>
    <subfield code="4">0</subfield>
    <subfield code="6">C_6550_000000000000000</subfield>
    <subfield code="7">1</subfield>
    <subfield code="a">SPICS</subfield>
    <subfield code="b">SPICS</subfield>
    <subfield code="d">2013-10-25</subfield>
    <subfield code="l">0</subfield>
    <subfield code="o">C6550</subfield>
    <subfield code="r">2013-10-25 00:00:00</subfield>
    <subfield code="w">2013-10-25</subfield>
    <subfield code="y">CD</subfield>
    <subfield code="z">Progr. Ins.: 1415 / N.Vol.: 1 / Copie: 1 - Copia rara: n.d. / date import: 01.01.2014 - By Epidotti, Trombetti, Vaglietti</subfield>
  </datafield>
</record>
